[Event "Karlsruhe Grenke op"]
[Site "Karlsruhe"]
[Date "2019.04.18"]
[Round "1"]
[White "Krause, Benedict"]
[Black "Robert, Pierre"]
[Result "1-0"]
[WhiteElo "2435"]
[BlackElo "2110"]
[PlyCount "53"]
[EventDate "2019.04.18"]
[EventType "swiss"]
[EventRounds "9"]
[EventCountry "GER"]
[SourceTitle "CBM 189 Extra"]
[Source "ChessBase"]
[SourceDate "2019.05.31"]
[SourceVersion "1"]
[SourceVersionDate "2019.05.31"]
[SourceQuality "1"]

1. e4 e5 2. Nf3 Nc6 3. Bc4 Nf6 4. d3 Bc5 5. 0-0 0-0 6. Nbd2 a6 7. h3 d6 8. c3 Ba7 9. Bb3 Ne7 10. Re1 Ng6 11. Nf1 Be6 12. Ng3 Qd7 13. d4 Bxb3 14. Qxb3 c5 15. Bg5 Ne8 16. dxe5 Nxe5 17. Nxe5 dxe5 18. Nf5 Nc7 19. Rad1 Qb5 20. Qxb5 axb5 21. Rd7 Ne6 22. Be7 Rfc8 23. Rxb7 b4 24. Bd6 Rd8 25. Bxe5 Rd2 26. Ne7+ Kf8 27. Nc6 1-0

[Event "London Classic op 6th"]
[Site "London"]
[Date "2014.12.11"]
[Round "4"]
[White "Paterek, Michal"]
[Black "Robert, Pierre"]
[Result "1-0"]
[WhiteElo "2313"]
[BlackElo "2051"]
[PlyCount "53"]
[EventDate "2014.12.08"]
[EventType "swiss"]
[EventRounds "9"]
[EventCountry "ENG"]
[SourceTitle "CBM 163 Extra"]
[Source "ChessBase"]
[SourceDate "2014.12.23"]
[SourceVersion "1"]
[SourceVersionDate "2014.12.23"]
[SourceQuality "1"]

1. d4 Nf6 2. g3 g6 3. Bg2 Bg7 4. e4 d6 5. Ne2 0-0 6. 0-0 c5 7. c3 Nbd7 8. h3 Rb8 9. a4 a6 10. a5 b5 11. axb6 Qxb6 12. Na3 Qc7 13. d5 c4 14. Qc2 Nc5 15. Be3 Bd7 16. Nd4 Ba4 17. Qe2 Nd3 18. b4 Rfc8 19. Nxc4 Qxc4 20. Rxa4 Qxc3 21. Nc6 Rxc6 22. dxc6 Qxc6 23. Ra5 Nxb4 24. Rc1 Qb7 25. e5 Nfd5 26. exd6 exd6 27. Qd2 1-0

[Event "Avoine op 27th"]
[Site "Avoine"]
[Date "2012.07.25"]
[Round "5"]
[White "Fretel, Didier"]
[Black "Robert, Pierre"]
[Result "0-1"]
[WhiteElo "1777"]
[BlackElo "2087"]
[PlyCount "76"]
[EventDate "2012.07.21"]
[EventType "swiss"]
[EventRounds "9"]
[EventCountry "FRA"]
[SourceTitle "CBM 149 Extra"]
[Source "ChessBase"]
[SourceDate "2012.08.24"]
[SourceVersion "1"]
[SourceVersionDate "2012.08.24"]
[SourceQuality "1"]

1. d4 Nf6 2. c4 g6 3. Nc3 Bg7 4. e4 d6 5. Nf3 0-0 6. Be2 Nbd7 7. 0-0 e5 8. d5 Nc5 9. Qc2 a5 10. Be3 Nfd7 11. a3 a4 12. Nd2 f5 13. f3 f4 14. Bf2 g5 15. b4 axb3 16. Nxb3 h5 17. Nxc5 dxc5 18. Nb5 Ra6 19. Rfd1 Rg6 20. Na7 g4 21. Nxc8 Qxc8 22. Kh1 g3 23. Bg1 gxh2 24. Bxh2 Bh6 25. Rg1 h4 26. Qb2 Kh7 27. Bd3 Rf7 28. Rab1 b6 29. Bc2 Re7 30. Ba4 Nf6 31. Rgd1 Nh5 32. Rd2 Ng3+ 33. Kg1 h3 34. Rbd1 Qg8 35. Bb5 Bf8 36. d6 cxd6 37. Rxd6 Ne2+ 38. Kf1 Rxg2 0-1